000 00823am a2200289a 44500
003 AR-BaBNM
005 20251128211208.0
008 283020s2003 #AR|||||||||||000 | spa||
020 _a987-1004-25-7
040 _cAR-BaBNM
100 1 _aDi Tella, Torcuato S.
245 1 0 _aActores y coaliciones
_belementos para una teoría de la acción política
260 _aBuenos Aires
_bLa Crujía
_c2003
_bInstituto Torcuato Di Tella
300 _a94 p.
490 0 _aAyacucho. Documento de trabajo
_vv. 1
650 4 _aPOLITICA
650 4 _aESTRATEGIAS
650 4 _aDOCTRINAS POLITICAS
650 4 _aCIENCIAS POLITICAS
650 4 _aDERECHOS CIVILES Y POLITICOS
650 4 _aTEORIA POLITICA
650 4 _aNACIONALISMO
651 4 _aAmérica Latina
653 _aPOPULISMO
942 _cBK
998 _cMariana
999 _c18660
_d18660